| 000 | 01150cam a2200349 a 4500 | ||
|---|---|---|---|
| 001 | 722350 | ||
| 005 | 20260410074537.0 | ||
| 008 | 970313s1997 ii b 000 0 eng | ||
| 010 | _a 97900718 | ||
| 020 | _a8125009760 | ||
| 020 | _a9788125009764 | ||
| 025 | _aI-E-97-900718; 49-13 | ||
| 035 | _a722350 | ||
| 040 |
_aDLC _cDLC _dDLC |
||
| 042 | _alcode | ||
| 082 | _a344.046 KOT | ||
| 100 | 1 | _aKothari, Ashish | |
| 245 | 1 | 0 |
_aUnderstanding biodiversity : _blife, sustainability, and equity / _cAshish Kothari |
| 260 |
_aNew Delhi : _bOrient Longman, _c1997. |
||
| 300 |
_axv, 161 p. ; _c22 cm. |
||
| 365 | _bRs. 75 | ||
| 490 | 1 |
_aTracts for the times ; _v11 |
|
| 504 | _aIncludes bibliographical references. | ||
| 650 | 0 |
_aBiodiversity conservation _zIndia. |
|
| 650 | 0 |
_aBiodiversity conservation _xEconomic aspects _zIndia. |
|
| 650 | 0 |
_aBiodiversity _zIndia. |
|
| 830 | 0 |
_aTracts for the times (New Delhi, India) ; _v11. |
|
| 906 |
_a7 _bcbc _corigode _d3 _encip _f19 _gy-gencatlg |
||
| 942 |
_2ddc _cBK |
||
| 999 |
_c14440 _d14440 |
||